| 000 | 00575nam a2200205Ia 4500 | ||
|---|---|---|---|
| 005 | 20230424133450.0 | ||
| 008 | 131103s9999 xx 000 0 und d | ||
| 040 | _aLoreto College | ||
| 041 | _aEnglish | ||
| 082 |
_a823.8 _bELI |
||
| 100 | _aEliot,George | ||
| 245 |
_aFelix holt _b the radical _cGeorge Eliot;edited by Peter Coveney |
||
| 260 |
_aHarmoundsworth _bPenguin Books _c1972 |
||
| 300 | _a677 p. | ||
| 440 | _aThe Penguin English Library | ||
| 504 | _aIncludes bibliographical references | ||
| 700 | _aCoveney,Peter,ed. | ||
| 850 | _aLCLIB | ||
| 942 | _cBK | ||
| 999 |
_c5254 _d55733 |
||